| 000 | 00615 a2200229 4500 | ||
|---|---|---|---|
| 001 | 18422 | ||
| 999 |
_c18422 _d5126 |
||
| 003 | TR-AnTOB | ||
| 005 | 20210826092850.0 | ||
| 008 | 041102s2004 tu tur | ||
| 020 | _a9755100148 | ||
| 041 | _atur | ||
| 050 |
_aPQ9697.V283 _bV319 2004 |
||
| 090 | _aPQ9697.V283 V319 2004 | ||
| 100 | 1 |
_aVasconcelos, José Mauro de _956094 |
|
| 245 | 0 |
_aGüneşi uyandıralım / _cJose Mauro De Vanconcelos ; çev. Aydın Emeç. |
|
| 250 | _a34. bs. | ||
| 264 | 1 |
_aİstanbul : _bCan Yayınları, _c2004 |
|
| 300 |
_a254 p. ; _c20 cm. |
||
| 500 | _aOrjinal: Vamos Aquecer o sol | ||
| 902 | _a0003132 | ||
| 942 | _cBK | ||